000
00347nam a2200145 4500
008
190131s1998||||xo d
245
1
0
_a
101 praktických rád - Multimédiá
250
_a
1. vydanie
260
_b
IKAR
_a
Bratislava
_c
1998
300
_a
71 s.
020
_a
80-7118-618-X
_c
0
041
1
_a
slo
044
_a
xo
_c
SK
958
_a
APR
999
_c
22057
_d
22057